000 00727nam a22001937a 4500
999 _c103958
_d103958
005 20191107153136.0
010 _aB-634826
020 _a9789380231358
_c495.00
035 _aB-634826
037 _bDPL/Pansy Books
082 _a343.5404
100 _aRai,Kailash
245 _aTaxation laws :
_blaw of income tax and wealth tax /
_cby Kailash Rai
260 _aDelhi
_bAllahabad Law Agency
_c2015(repr.)
270 _a1559, Outram Lines , Near Kingsway Camp
_bDelhi
_e110009
300 _axix,739p.
_c24cm(pbk)
942 _2ddc
_cEN
_h343.5404
_mRAI